000 00699nam a2200253Ia 4500
003 OSt
005 20221005060202.0
006 a|||||r|||| 00| 0
007 ta
008 221004b |||||||| |||| 00| 0 rus d
024 _a18717
037 _bGift, 03/06/2015,
_cTextual
040 _aCRL
_cCRL
_brus
041 _2rus
_arus
082 _aO142,3M28,11, 111H3.1
100 _aTolstoy Leo
245 0 _aWar and peace
260 _aLondon
_bReaders Unioun Limted UK
_c1943
300 _ax, 428p.
_ccm.
490 _vVol. 1
650 _aRUSSIAN LITERATURE
942 _hO142,3M28,11, 111H3.1
_cTEXL
_2cc
999 _c966294
_d966294